| 000 | 00396nam a22001457a 4500 | ||
|---|---|---|---|
| 005 | 20260414104350.0 | ||
| 008 | 260414b |||||||| |||| 00| 0 eng d | ||
| 082 |
_a155.2 _bJAM-H |
||
| 100 | _aJameel Ch. | ||
| 245 | _aInsani Kirdaar ki Ahmiyat | ||
| 260 |
_aPakistan _bChaudhary Publishers, Fazal Abad Sharif, Darya Gali Murree _c2003 |
||
| 300 | _a152 p. | ||
| 650 | _aEducation | ||
| 942 | _cBK | ||
| 999 |
_c47303 _d47303 |
||